000 00890cam a2200253 a 4500
001 206040
003 GBCCL
005 20241126110401.0
008 990324s1999 tnu b 000 0 eng
010 _a 99070372
020 _a1577361431
040 _aDLC
_cDLC
_dDLC
050 0 0 _aBX6331.2
_b.B292 1999
082 0 0 _a286
_221
_bBAP
110 2 _aBaptist World Alliance.
_bStudy and Research Division.
_91131
245 1 0 _aWe Baptists /
_cStudy and Research Division, Baptist World Alliance.
260 _aFranklin, Tenn. :
_bProvidence House Publishers,
_cc1999.
300 _aviii, 88 p.
_c23 cm.
504 _aIncludes bibliographical references (p. 87-88).
650 0 _aBaptists.
_92887
906 _a7
_bcbc
_corignew
_d2
_eopcn
_f19
_gy-gencatlg
942 _2ddc
_cBK
_03
999 _c1451
_d1451